LIBRARY & INFORMATION CENTRE, KCAET, TAVANUR

ONLINE PUBLIC ACCESS CATALOGUE (OPAC)

Course in communication skills / (Record no. 13490)

MARC details
000 -LEADER
fixed length control field 00489cam a2200193ua 4500
041 ## - LANGUAGE CODE
Language code of text/sound track or separate title eng
082 ## - DEWEY DECIMAL CLASSIFICATION NUMBER
Classification number 372.6
Item number DUT/CO
100 ## - MAIN ENTRY--AUTHOR NAME
Personal name Dutt, Kiranmai P .
245 ## - TITLE STATEMENT
Title Course in communication skills /
260 ## - PUBLICATION, DISTRIBUTION, ETC. (IMPRINT)
Place of publication Bangalore :
Name of publisher Foundation ,
Year of publication 2008.
300 ## - PHYSICAL DESCRIPTION
Number of Pages ; .
700 1# - ADDED ENTRY--PERSONAL NAME
Personal name Prakash, C.L.N .
700 1# - ADDED ENTRY--PERSONAL NAME
Personal name Rajeevan, Geetha .
942 ## - ADDED ENTRY ELEMENTS (KOHA)
Koha item type Books
Holdings
Withdrawn status Lost status Damaged status Home library Current library Date acquired Full call number Accession Number Koha item type
      KAUAET KAUAET 07/04/2012 372.6 22125 Books
free website counter